Fast Food Restraunts Quiz Stats

 Plays Quiz not verified by Sporcle

Challenge
Share
Tweet
Embed
Score 0/15 Timer 05:00
0 Plays Today
Answer % Correct
McDonald's
97.9%
Burger King
84.5%
Wendy's
82.4%
Subway
71.8%
Arby's
70.4%
KFC
68.5%
Taco Bell
66%
Pizza Hut
55.6%
Answer % Correct
Starbucks
48.7%
Sonic
47.2%
Chick fil A
39.8%
Dunkin' Donut's
34.3%
Jack in the Box
29.3%
Panera Bread
12.7%
Domino's Pizza
12.3%

You're not logged in!

Compare scores with friends on all Sporcle quizzes.
OR
Log In

You Might Also Like...

Show Comments

Extras

Created Sep 13, 2013SourceReportNominate
Tags:Food Quiz, fast, Fast Food

Top Quizzes Today


Score Distribution

Your Account Isn't Verified!

In order to create a playlist on Sporcle, you need to verify the email address you used during registration. Go to your Sporcle Settings to finish the process.

Report this User

Report this user for behavior that violates our Community Guidelines.

Details: